书目信息 |
| 题名: |
电路与模拟电子技术基础教程
|
|
| 作者: | 龙胜春 主编 | |
| 分册: | ||
| 出版信息: | 北京 清华大学出版社 2018.09 |
|
| 页数: | 304页 | |
| 开本: | 26cm | |
| 丛书名: | ||
| 单 册: | ||
| 中图分类: | TM13 , TN710.4-43 | |
| 科图分类: | ||
| 主题词: | 电路理论--dian lu li lun--高等学校--教材 , 模拟电路--mo ni dian lu--电子技术--高等学校--教材 | |
| 电子资源: | ||
| ISBN: | 978-7-302-50737-6 | |
| 000 | 01178nam0 2200289 450 | |
| 001 | 0106081918 | |
| 005 | 20201106082048.0 | |
| 010 | @a978-7-302-50737-6@dCNY49.00 | |
| 100 | @a20181114e20202018em y0chiy50 ea | |
| 101 | 0 | @achi |
| 102 | @aCN@b110000 | |
| 105 | @ay az 000yy | |
| 106 | @ar | |
| 200 | 1 | @a电路与模拟电子技术基础教程@Adian lu yu mo ni dian zi ji shu ji chu jiao cheng@f龙胜春主编 |
| 210 | @a北京@c清华大学出版社@d2018.09@h2020.01 | |
| 215 | @a304页@d26cm | |
| 300 | @a21世纪高等学校计算机系列规划教材浙江省普通高校“十三五”新形态教材 | |
| 307 | @a实际页数为:305 | |
| 320 | @a有书目(第305页) | |
| 330 | @a本书分为电路理论与模拟电子线路两部分。电路理论主要介绍电路的基本概念及基本定律,内容包括直流电路各种分析方法、正弦交流电路和过渡过程分析;模拟电子线路主要介绍模拟电路的基本概念和基本分析方法,内容包括半导体器件、分立元件放大电路分析、集成运放的组成及应用等。 | |
| 606 | 0 | @a电路理论@Adian lu li lun@x高等学校@j教材 |
| 606 | 0 | @a模拟电路@Amo ni dian lu@x电子技术@x高等学校@j教材 |
| 690 | @aTM13@v5 | |
| 690 | @aTN710.4-43@v5 | |
| 701 | 0 | @a龙胜春@Along sheng chun@4主编 |
| 801 | 0 | @aCN@bBJSZM@c20201106 |
| 905 | @b1194564-7@dTM13@e186@f4 | |
| 电路与模拟电子技术基础教程/龙胜春主编.-北京:清华大学出版社,2018.09(2020.01) |
| 304页;26cm |
| 21世纪高等学校计算机系列规划教材浙江省普通高校“十三五”新形态教材 |
| ISBN 978-7-302-50737-6:CNY49.00 |
| 本书分为电路理论与模拟电子线路两部分。电路理论主要介绍电路的基本概念及基本定律,内容包括直流电路各种分析方法、正弦交流电路和过渡过程分析;模拟电子线路主要介绍模拟电路的基本概念和基本分析方法,内容包括半导体器件、分立元件放大电路分析、集成运放的组成及应用等。 |
| ● |
| 相关链接 |
|
|
|
|
正题名:电路与模拟电子技术基础教程
索取号:TM13/186
 
预约/预借
| 序号 | 登录号 | 条形码 | 馆藏地/架位号 | 状态 | 备注 |
| 1 | 1194564 | 211945644 | 第二样本阅览室/ [索取号:TM13/186] | 在馆 | |
| 2 | 1194565 | 211945653 | 第三借阅区/ [索取号:TM13/186] | 在馆 | |
| 3 | 1194566 | 211945662 | 第三借阅区/ [索取号:TM13/186] | 在馆 | |
| 4 | 1194567 | 211945671 | 第三借阅区/ [索取号:TM13/186] | 在馆 |